<?xml version="1.0" encoding="UTF-8"?><marc:collection xmlns:marc="http://www.loc.gov/MARC21/slim">
  <marc:record>
    <marc:leader>03624cam a2200733 c 4500</marc:leader>
    <marc:controlfield tag="001">819416983</marc:controlfield>
    <marc:controlfield tag="003">DE-627</marc:controlfield>
    <marc:controlfield tag="005">20260411002004.0</marc:controlfield>
    <marc:controlfield tag="007">tu</marc:controlfield>
    <marc:controlfield tag="008">150304s2015    gw |||||      00| ||ger c</marc:controlfield>
    <marc:datafield tag="020" ind1=" " ind2=" ">
      <marc:subfield code="a">9783942816601</marc:subfield>
      <marc:subfield code="q">kart.</marc:subfield>
      <marc:subfield code="9">978-3-942816-60-1</marc:subfield>
    </marc:datafield>
    <marc:datafield tag="028" ind1="5" ind2="2">
      <marc:subfield code="a">60640101</marc:subfield>
    </marc:datafield>
    <marc:datafield tag="035" ind1=" " ind2=" ">
      <marc:subfield code="a">(DE-627)819416983</marc:subfield>
    </marc:datafield>
    <marc:datafield tag="035" ind1=" " ind2=" ">
      <marc:subfield code="a">(DE-576)434676799</marc:subfield>
    </marc:datafield>
    <marc:datafield tag="035" ind1=" " ind2=" ">
      <marc:subfield code="a">(DE-599)GBV819416983</marc:subfield>
    </marc:datafield>
    <marc:datafield tag="035" ind1=" " ind2=" ">
      <marc:subfield code="a">(OCoLC)904174307</marc:subfield>
    </marc:datafield>
    <marc:datafield tag="035" ind1=" " ind2=" ">
      <marc:subfield code="a">(OCoLC)904174307</marc:subfield>
    </marc:datafield>
    <marc:datafield tag="040" ind1=" " ind2=" ">
      <marc:subfield code="a">DE-627</marc:subfield>
      <marc:subfield code="b">ger</marc:subfield>
      <marc:subfield code="c">DE-627</marc:subfield>
      <marc:subfield code="e">rakwb</marc:subfield>
    </marc:datafield>
    <marc:datafield tag="041" ind1=" " ind2=" ">
      <marc:subfield code="a">ger</marc:subfield>
    </marc:datafield>
    <marc:datafield tag="044" ind1=" " ind2=" ">
      <marc:subfield code="c">XA-DE</marc:subfield>
    </marc:datafield>
    <marc:datafield tag="084" ind1=" " ind2=" ">
      <marc:subfield code="a">44.11</marc:subfield>
      <marc:subfield code="2">bkl</marc:subfield>
    </marc:datafield>
    <marc:datafield tag="245" ind1="0" ind2="0">
      <marc:subfield code="a">Prävention und Gesundheitsförderung in Deutschland</marc:subfield>
      <marc:subfield code="b">Konzepte, Strategien und Interventionsansätze der Bundeszentrale für gesundheitliche Aufklärung</marc:subfield>
      <marc:subfield code="c">Gasthrsg.: Ulla Walter und Uwe Koch unter Mitarb. von Martina Plaumann. [Hrsg. Bundeszentrale für gesundheitliche Aufklärung (BZgA)]</marc:subfield>
    </marc:datafield>
    <marc:datafield tag="250" ind1=" " ind2=" ">
      <marc:subfield code="a">Aufl. 1.2.02.15</marc:subfield>
    </marc:datafield>
    <marc:datafield tag="264" ind1=" " ind2="1">
      <marc:subfield code="a">Köln</marc:subfield>
      <marc:subfield code="c">[2015]</marc:subfield>
    </marc:datafield>
    <marc:datafield tag="300" ind1=" " ind2=" ">
      <marc:subfield code="a">261 S.</marc:subfield>
      <marc:subfield code="b">Ill., graph. Darst.</marc:subfield>
    </marc:datafield>
    <marc:datafield tag="336" ind1=" " ind2=" ">
      <marc:subfield code="a">Text</marc:subfield>
      <marc:subfield code="b">txt</marc:subfield>
      <marc:subfield code="2">rdacontent</marc:subfield>
    </marc:datafield>
    <marc:datafield tag="337" ind1=" " ind2=" ">
      <marc:subfield code="a">ohne Hilfsmittel zu benutzen</marc:subfield>
      <marc:subfield code="b">n</marc:subfield>
      <marc:subfield code="2">rdamedia</marc:subfield>
    </marc:datafield>
    <marc:datafield tag="338" ind1=" " ind2=" ">
      <marc:subfield code="a">Band</marc:subfield>
      <marc:subfield code="b">nc</marc:subfield>
      <marc:subfield code="2">rdacarrier</marc:subfield>
    </marc:datafield>
    <marc:datafield tag="490" ind1="1" ind2=" ">
      <marc:subfield code="a">Forschung und Praxis der Gesundheitsförderung</marc:subfield>
      <marc:subfield code="v">Sonderheft 1</marc:subfield>
    </marc:datafield>
    <marc:datafield tag="500" ind1=" " ind2=" ">
      <marc:subfield code="a">Literaturangaben</marc:subfield>
    </marc:datafield>
    <marc:datafield tag="500" ind1=" " ind2=" ">
      <marc:subfield code="a">Erscheinungsjahr in Vorlageform:[2015]</marc:subfield>
    </marc:datafield>
    <marc:datafield tag="583" ind1="1" ind2=" ">
      <marc:subfield code="a">Archivierung prüfen</marc:subfield>
      <marc:subfield code="c">20260411</marc:subfield>
      <marc:subfield code="f">DE-4165</marc:subfield>
      <marc:subfield code="z">3</marc:subfield>
      <marc:subfield code="2">pdager</marc:subfield>
    </marc:datafield>
    <marc:datafield tag="610" ind1="2" ind2="4">
      <marc:subfield code="a">Bundeszentrale für Gesundheitliche Aufklärung</marc:subfield>
    </marc:datafield>
    <marc:datafield tag="650" ind1=" " ind2="4">
      <marc:subfield code="a">Prävention</marc:subfield>
    </marc:datafield>
    <marc:datafield tag="650" ind1=" " ind2="4">
      <marc:subfield code="a">Gesundheitsförderung</marc:subfield>
    </marc:datafield>
    <marc:datafield tag="651" ind1=" " ind2="4">
      <marc:subfield code="a">Deutschland</marc:subfield>
    </marc:datafield>
    <marc:datafield tag="689" ind1="0" ind2="0">
      <marc:subfield code="D">g</marc:subfield>
      <marc:subfield code="0">(DE-588)4011882-4</marc:subfield>
      <marc:subfield code="0">(DE-627)104704861</marc:subfield>
      <marc:subfield code="0">(DE-576)208896155</marc:subfield>
      <marc:subfield code="a">Deutschland</marc:subfield>
      <marc:subfield code="2">gnd</marc:subfield>
    </marc:datafield>
    <marc:datafield tag="689" ind1="0" ind2="1">
      <marc:subfield code="D">s</marc:subfield>
      <marc:subfield code="0">(DE-588)4076308-0</marc:subfield>
      <marc:subfield code="0">(DE-627)104364106</marc:subfield>
      <marc:subfield code="0">(DE-576)209201428</marc:subfield>
      <marc:subfield code="a">Prävention</marc:subfield>
      <marc:subfield code="2">gnd</marc:subfield>
    </marc:datafield>
    <marc:datafield tag="689" ind1="0" ind2="2">
      <marc:subfield code="D">s</marc:subfield>
      <marc:subfield code="0">(DE-588)4294611-6</marc:subfield>
      <marc:subfield code="0">(DE-627)104177985</marc:subfield>
      <marc:subfield code="0">(DE-576)210962585</marc:subfield>
      <marc:subfield code="a">Gesundheitsförderung</marc:subfield>
      <marc:subfield code="2">gnd</marc:subfield>
    </marc:datafield>
    <marc:datafield tag="689" ind1="0" ind2="3">
      <marc:subfield code="D">b</marc:subfield>
      <marc:subfield code="0">(DE-588)2006655-7</marc:subfield>
      <marc:subfield code="0">(DE-627)101561768</marc:subfield>
      <marc:subfield code="0">(DE-576)191620173</marc:subfield>
      <marc:subfield code="a">Bundeszentrale für Gesundheitliche Aufklärung</marc:subfield>
      <marc:subfield code="2">gnd</marc:subfield>
    </marc:datafield>
    <marc:datafield tag="689" ind1="0" ind2=" ">
      <marc:subfield code="5">(DE-627)</marc:subfield>
    </marc:datafield>
    <marc:datafield tag="700" ind1="1" ind2=" ">
      <marc:subfield code="a">Walter, Ulla</marc:subfield>
      <marc:subfield code="d">1960-</marc:subfield>
      <marc:subfield code="0">(DE-588)112575412</marc:subfield>
      <marc:subfield code="0">(DE-627)516067052</marc:subfield>
      <marc:subfield code="0">(DE-576)289735793</marc:subfield>
      <marc:subfield code="4">oth</marc:subfield>
    </marc:datafield>
    <marc:datafield tag="700" ind1="1" ind2=" ">
      <marc:subfield code="a">Koch, Uwe</marc:subfield>
      <marc:subfield code="d">1943-</marc:subfield>
      <marc:subfield code="0">(DE-588)115823433</marc:subfield>
      <marc:subfield code="0">(DE-627)077495993</marc:subfield>
      <marc:subfield code="0">(DE-576)290098661</marc:subfield>
      <marc:subfield code="4">oth</marc:subfield>
    </marc:datafield>
    <marc:datafield tag="700" ind1="1" ind2=" ">
      <marc:subfield code="a">Plaumann, Martina</marc:subfield>
      <marc:subfield code="d">1974-</marc:subfield>
      <marc:subfield code="0">(DE-588)140624902</marc:subfield>
      <marc:subfield code="0">(DE-627)619936576</marc:subfield>
      <marc:subfield code="0">(DE-576)319161455</marc:subfield>
      <marc:subfield code="4">oth</marc:subfield>
    </marc:datafield>
    <marc:datafield tag="710" ind1="2" ind2=" ">
      <marc:subfield code="a">Bundeszentrale für Gesundheitliche Aufklärung</marc:subfield>
      <marc:subfield code="0">(DE-588)2006655-7</marc:subfield>
      <marc:subfield code="0">(DE-627)101561768</marc:subfield>
      <marc:subfield code="0">(DE-576)191620173</marc:subfield>
      <marc:subfield code="4">oth</marc:subfield>
    </marc:datafield>
    <marc:datafield tag="776" ind1="0" ind2="8">
      <marc:subfield code="i">Erscheint auch als</marc:subfield>
      <marc:subfield code="n">Online-Ausgabe</marc:subfield>
      <marc:subfield code="t">Prävention und Gesundheitsförderung in Deutschland</marc:subfield>
      <marc:subfield code="b">Aufl. 1.2.02.15</marc:subfield>
      <marc:subfield code="d">Köln : BZgA, 2015</marc:subfield>
      <marc:subfield code="h">261 S.</marc:subfield>
      <marc:subfield code="w">(DE-627)824578821</marc:subfield>
      <marc:subfield code="w">(DE-576)982457882X</marc:subfield>
    </marc:datafield>
    <marc:datafield tag="830" ind1=" " ind2="0">
      <marc:subfield code="a">Forschung und Praxis der Gesundheitsförderung</marc:subfield>
      <marc:subfield code="v">Sonderheft 1</marc:subfield>
      <marc:subfield code="9">SH01</marc:subfield>
      <marc:subfield code="w">(DE-627)507727576</marc:subfield>
      <marc:subfield code="w">(DE-576)060546212</marc:subfield>
      <marc:subfield code="w">(DE-600)2223186-9</marc:subfield>
      <marc:subfield code="x">1439-7951</marc:subfield>
      <marc:subfield code="7">am</marc:subfield>
    </marc:datafield>
    <marc:datafield tag="912" ind1=" " ind2=" ">
      <marc:subfield code="a">SSG-OLC-pha</marc:subfield>
    </marc:datafield>
    <marc:datafield tag="924" ind1="0" ind2=" ">
      <marc:subfield code="a">1536907723</marc:subfield>
      <marc:subfield code="b">DE-354</marc:subfield>
      <marc:subfield code="9">354</marc:subfield>
      <marc:subfield code="c">GBV</marc:subfield>
      <marc:subfield code="d">c</marc:subfield>
      <marc:subfield code="g">WA 540 GG4''MC 6919a-1</marc:subfield>
      <marc:subfield code="h">MonoLS</marc:subfield>
    </marc:datafield>
    <marc:datafield tag="924" ind1="0" ind2=" ">
      <marc:subfield code="a">1546946586</marc:subfield>
      <marc:subfield code="b">DE-700</marc:subfield>
      <marc:subfield code="9">700</marc:subfield>
      <marc:subfield code="c">GBV</marc:subfield>
      <marc:subfield code="d">c</marc:subfield>
      <marc:subfield code="g">VWF / Wal</marc:subfield>
      <marc:subfield code="h">N</marc:subfield>
    </marc:datafield>
    <marc:datafield tag="924" ind1="0" ind2=" ">
      <marc:subfield code="a">1550020463</marc:subfield>
      <marc:subfield code="b">DE-Fl3</marc:subfield>
      <marc:subfield code="9">Fl 3</marc:subfield>
      <marc:subfield code="c">GBV</marc:subfield>
      <marc:subfield code="d">c</marc:subfield>
      <marc:subfield code="g">XE 4800 W234</marc:subfield>
    </marc:datafield>
    <marc:datafield tag="924" ind1="0" ind2=" ">
      <marc:subfield code="a">1529061857</marc:subfield>
      <marc:subfield code="b">DE-960</marc:subfield>
      <marc:subfield code="9">960</marc:subfield>
      <marc:subfield code="c">GBV</marc:subfield>
      <marc:subfield code="d">c</marc:subfield>
      <marc:subfield code="g">Med 5252</marc:subfield>
      <marc:subfield code="h">DGS</marc:subfield>
    </marc:datafield>
    <marc:datafield tag="924" ind1="0" ind2=" ">
      <marc:subfield code="a">1627425306</marc:subfield>
      <marc:subfield code="b">DE-552</marc:subfield>
      <marc:subfield code="9">552</marc:subfield>
      <marc:subfield code="c">GBV</marc:subfield>
      <marc:subfield code="d">d</marc:subfield>
      <marc:subfield code="g">SP 444-224</marc:subfield>
    </marc:datafield>
    <marc:datafield tag="924" ind1="0" ind2=" ">
      <marc:subfield code="a">1627435026</marc:subfield>
      <marc:subfield code="b">DE-552</marc:subfield>
      <marc:subfield code="9">552</marc:subfield>
      <marc:subfield code="c">GBV</marc:subfield>
      <marc:subfield code="d">c</marc:subfield>
      <marc:subfield code="g">SP 444-224</marc:subfield>
    </marc:datafield>
    <marc:datafield tag="924" ind1="0" ind2=" ">
      <marc:subfield code="a">1532660928</marc:subfield>
      <marc:subfield code="b">DE-B1562</marc:subfield>
      <marc:subfield code="9">B 1562</marc:subfield>
      <marc:subfield code="c">GBV</marc:subfield>
      <marc:subfield code="d">d</marc:subfield>
      <marc:subfield code="g">31b 0627</marc:subfield>
    </marc:datafield>
    <marc:datafield tag="924" ind1="0" ind2=" ">
      <marc:subfield code="a">1541498496</marc:subfield>
      <marc:subfield code="b">DE-B1556</marc:subfield>
      <marc:subfield code="9">B1556</marc:subfield>
      <marc:subfield code="c">GBV</marc:subfield>
      <marc:subfield code="d">d</marc:subfield>
      <marc:subfield code="g">MAG 071432</marc:subfield>
      <marc:subfield code="h">Magazin</marc:subfield>
    </marc:datafield>
    <marc:datafield tag="924" ind1="0" ind2=" ">
      <marc:subfield code="a">319129855X</marc:subfield>
      <marc:subfield code="b">DE-Sa16</marc:subfield>
      <marc:subfield code="9">Sa 16</marc:subfield>
      <marc:subfield code="c">BSZ</marc:subfield>
      <marc:subfield code="d">c</marc:subfield>
      <marc:subfield code="g">XE 2800 Pra</marc:subfield>
    </marc:datafield>
    <marc:datafield tag="924" ind1="0" ind2=" ">
      <marc:subfield code="a">372694463X</marc:subfield>
      <marc:subfield code="b">DE-16-250</marc:subfield>
      <marc:subfield code="9">16/250</marc:subfield>
      <marc:subfield code="c">BSZ</marc:subfield>
      <marc:subfield code="d">c</marc:subfield>
    </marc:datafield>
    <marc:datafield tag="924" ind1="0" ind2=" ">
      <marc:subfield code="a">4565394170</marc:subfield>
      <marc:subfield code="b">DE-752</marc:subfield>
      <marc:subfield code="9">752</marc:subfield>
      <marc:subfield code="c">BSZ</marc:subfield>
      <marc:subfield code="d">c</marc:subfield>
      <marc:subfield code="g">V c/ Prae 45</marc:subfield>
    </marc:datafield>
    <marc:datafield tag="924" ind1="0" ind2=" ">
      <marc:subfield code="a">4079211929</marc:subfield>
      <marc:subfield code="b">DE-Mh32</marc:subfield>
      <marc:subfield code="9">Mh 32</marc:subfield>
      <marc:subfield code="c">BSZ</marc:subfield>
      <marc:subfield code="d">c</marc:subfield>
      <marc:subfield code="g">WA540.1</marc:subfield>
      <marc:subfield code="h">FREIH</marc:subfield>
    </marc:datafield>
    <marc:datafield tag="924" ind1="0" ind2=" ">
      <marc:subfield code="a">3191298622</marc:subfield>
      <marc:subfield code="b">DE-Rt3</marc:subfield>
      <marc:subfield code="9">Rt 3</marc:subfield>
      <marc:subfield code="c">BSZ</marc:subfield>
      <marc:subfield code="d">c</marc:subfield>
    </marc:datafield>
    <marc:datafield tag="935" ind1=" " ind2=" ">
      <marc:subfield code="i">Blocktest</marc:subfield>
    </marc:datafield>
    <marc:datafield tag="936" ind1="b" ind2="k">
      <marc:subfield code="a">44.11</marc:subfield>
      <marc:subfield code="j">Präventivmedizin</marc:subfield>
      <marc:subfield code="0">(DE-627)106421565</marc:subfield>
    </marc:datafield>
    <marc:datafield tag="951" ind1=" " ind2=" ">
      <marc:subfield code="a">BO</marc:subfield>
    </marc:datafield>
  </marc:record>
</marc:collection>
